书目信息 |
| 题名: |
全国高等教育自学考试中文专业试题及答案汇编
|
|
| 作者: | ;《中文自修》编辑部 编 | |
| 分册: | ||
| 出版信息: | 北京 语文出版社 1985 |
|
| 页数: | 392页 | |
| 开本: | 19cm | |
| 丛书名: | ||
| 单 册: | ||
| 中图分类: | C44 | |
| 科图分类: | ||
| 主题词: | 中文--高等教育--试题 , 社会科学--习题 , 社会科学--问答 | |
| 电子资源: | ||
| ISBN: | ||
| 000 | 00822nam0 2200253 45 | |
| 001 | 0185002721 | |
| 005 | 20060523090347.18 | |
| 010 | @dCNY1.90 | |
| 091 | @a7240.006 | |
| 100 | @a19901127g1985 em y0chiy0121 ea | |
| 101 | 0 | @achi |
| 102 | @aCN@b110000 | |
| 105 | @ay q 000yy | |
| 200 | 10 | @a全国高等教育自学考试中文专业试题及答案汇编@Aquan guo gao deng jiao yu zi xue kao shi zhong wenzhuan ye shi ti ji da an hui bian@f《中文自修》编辑部编@F《zhong wen zi xiu》bian ji bu bian |
| 210 | @a北京@c语文出版社@d1985 | |
| 215 | @a392页@d19cm | |
| 606 | @a中文@x高等教育@x试题 | |
| 606 | 0 | @a社会科学@x习题 |
| 606 | 0 | @a社会科学@x问答 |
| 690 | @aC44@v3 | |
| 711 | 0 | @a《中文自修》编辑部@A《zhong wen zi xiu》bian ji bu@4编 |
| 801 | 2 | @aCN@bNLC@c20060523 |
| 801 | 0 | @aCN@b深圳图书馆@c20040506 |
| 905 | @dC44@e29:1 | |
| 全国高等教育自学考试中文专业试题及答案汇编/《中文自修》编辑部编.-北京:语文出版社,1985 |
| 392页;19cm |
| ISBN :CNY1.90 |
| ● |
| 相关链接 |
|
|
|
|
正题名:全国高等教育自学考试中文专业试题及答案汇编
索取号:C44/29:1
 
预约/预借
| 序号 | 登录号 | 条形码 | 馆藏地/架位号 | 状态 | 备注 |
| 1 | 0144376 | 202371584 | 密集书库/ [索取号:C44/29:1] | 在馆 | |
| 2 | 0144378 | 001120977 | 密集书库/ [索取号:C44/29:1] | 在馆 | |
| 3 | 0144379 | 001120940 | 密集书库/ [索取号:C44/29:1] | 在馆 | |
| 4 | 0211909 | 001120931 | 密集书库/ [索取号:C44/29:1] | 在馆 | |
| 5 | 0211910 | 001120986 | 密集书库/ [索取号:C44/29:1] | 在馆 | |
| 6 | 0211911 | 001120959 | 密集书库/ [索取号:C44/29:1] | 在馆 |